| 000 | 00633nam a2200241Ia 4500 | ||
|---|---|---|---|
| 001 | 1856 | ||
| 003 | GE_BSU | ||
| 008 | 181216s||||||||xx |||||||||||||| ||und|| | ||
| 020 | _a9785365007932 | ||
| 040 | _cGE_BSU | ||
| 080 | _a347.9(470)(075.8) | ||
| 100 | _aКоршунов,Н.М; Мареев, Ю.А; | ||
| 245 | _aГражданский процесс. | ||
| 245 | _bУчебник. | ||
| 250 | _a2-е изд, стереот. | ||
| 260 | _aМосква | ||
| 260 | _bОмега-Л | ||
| 260 | _c2007 | ||
| 300 | _a525 с. 21 см. | ||
| 541 | _h18 л. | ||
| 653 | _aГражданский процесс | ||
| 942 | _cBK | ||
| 999 |
_c35957 _d35957 |
||